000 00343nam a2200133Ia 4500
008 240624s9999 xx 000 0 und d
041 _aeng
082 _a658.4092 CHA
100 _aCHATTERJEE DEBASHIS
245 _aTIMELESS LEADERSHIP 18 LEADERSHIP SUTRAS
260 _c2012
_aNew Delhi
_bWiley India
300 _a256 : p.
365 _cRS
_b25
999 _c22702
_d22702